000
00259 a2200097 4500
001
34157
090
_c
22635
_d
22635
100
_a
Geradin Michel
245
_a
Mechanical vibrations : theory and application to structural dynamics
260
_a
Chichester, NY
_b
Wiley
_c
1994
942
_a
NUST-CAE
999
_c
269230
_d
269230